| 000 | 00763nam a2200193 4500 | ||
|---|---|---|---|
| 999 |
_c8354 _d8354 |
||
| 008 | 180125b xxu||||| |||| 00| 0 eng d | ||
| 020 | _a0-02-327730-0 | ||
| 082 |
_21989 _aDC 372.86 _bD26 |
||
| 100 |
_925837 _aDauer, Victor P. |
||
| 245 |
_aDynamic physical education for elementary school children/ _cVictor P. Dauer , Robert P. Pangrazi |
||
| 250 | _aNINTH EDITION | ||
| 260 |
_aUnites States: _bMacmillan Publishing Company, _c©1989 |
||
| 300 |
_av, 694 pages: _bcolor illustration; _c28 cm. |
||
| 521 | _aIncludes bibliographies and index. | ||
| 650 | 0 |
_925838 _aPhysical education for children _zUnited States |
|
| 650 | 0 |
_925840 _aPhysical education for children _zUnited States _vStudy and Teaching |
|
| 700 |
_925841 _aPangrazi, Robert P. |
||
| 942 |
_2ddc _cDC |
||